000 00817cam a22002054a 4500
005 20250605163955.0
008 250528s ||||||||||||||||||||||||d
035 _a15430
020 _a829902295
040 _aGR-AtMCL
_bgre
_dGR-AtMCL
_eAACR2
245 1 _aCases in Systems Design
260 _bWest Publishing Company,
_c1979
300 _a210
505 0 _aPreface, Systems Specifications Models for Systems Design Payroll Case, Samson Manaufacturing Inc., New National Bank, Memorial Hospital, Intermountain Distributing Inc.
520 _aPreface, Systems Specifications Models for Systems Design Payroll Case, Samson Manaufacturing Inc., New National Bank, Memorial Hospital, Intermountain Distributing Inc.
700 1 _aWetherbe James C
_91347
942 _cBK
999 _c1010
_d1010